000 00613nam a2200253Ia 4500
003 OSt
005 20221005123257.0
006 a|||||r|||| 00| 0
007 ta
008 221004b |||||||| |||| 00| 0 tam d
020 _c26.50
024 _a52527
037 _cTextual
040 _aCRL
_cCRL
_btam
041 _2tam
_atam
082 _aZ2,7,15, 31M3
100 _aNatarajan Au.
245 0 _aKuttra vicharanai muraicchattam 1978
260 _c1983
300 _a412p.
_ccm.
650 _aLAW
942 _hZ2,7,15, 31M3
_cTEXL
_2cc
999 _c1046909
_d1046909